Ludzie podnoszą ręce w górę, gdy... - Statystyki

Ogólne statystyki
  • Ten quiz został rozwiązany 15 razy
  • Średni wynik to 2 z 7
Statystyki odpowiedzi
Odpowiedź % Poprawnych
Ćwiczą
57%
Poddają się
57%
Tańczą
43%
Machają
29%
Chcą się zgłosić
14%
Kibicują
0%
Wygrywają
0%
Nie znaleziono quizów pasujących do podanych kryteriów
Rozkład punktacji
Procent ludzi z każdym wynikiem
Percentyl według liczby udzielonych odpowiedzi
Twoja historia wyników
Nie rozwiązałeś tego quizu